Letra de «Macarena» - Estadísticas

Estadísticas generales
  • Esta prueba ha sido intentada 469 veces
  • La puntuación promedio es 10 de 18
Estadísticas de respuestas
Letra % Correcto
Estribillo cuerpo {alegría}, Macarena
100%
Estribillo cuerpo {alegría}, Macarena
100%
Estribillo {Dale} a tu
99%
Estribillo {Dale} a tu
99%
Estribillo alegría y cosa {buena}
97%
Estribillo Eh, {Macarena}, ¡Ay!
97%
Estribillo Que tu {cuerpo} es pa' darle
97%
Verso 1 Macarena tiene un {novio} que se llama
83%
Verso 1 Que se llama de apellido {Vitorino}
64%
Verso 1 Y en la jura de {bandera}
el muchacho
57%
Verso 1 Se la vio con dos {amigos}
48%
Puente de {Marbella}
17%
Verso 2 Le gustaría vivir en {Nueva} {York}
15%
Verso 2 Macarena sueña con El {Corte} {Inglés}
13%
Verso 2 Y ligar un novio {nuevo}, ¡Ay!
12%
Verso 2 Y se compra los
{modelos} más modernos
11%
Puente Macarena, Macarena, Macarena Que te gusta la movida {guerrillera} ¡Ay!
7%
Puente Macarena, Macarena, Macarena Que {tributo} a los veranos
0%
No se encontraron pruebas coincidentes
Distribución de puntuación
Porcentaje de gente con cada puntuación
Porcentaje por número respondido
Historial de tus puntuaciones
No has intentado esta prueba.